<?xml version="1.0" encoding="UTF-8"?>
<record
    xmlns:xsi="http://www.w3.org/2001/XMLSchema-instance"
    xsi:schemaLocation="http://www.loc.gov/MARC21/slim http://www.loc.gov/standards/marcxml/schema/MARC21slim.xsd"
    xmlns="http://www.loc.gov/MARC21/slim">

  <leader>01899nas a2200289 454500</leader>
  <controlfield tag="001">41841</controlfield>
  <controlfield tag="005">20260407193511.0</controlfield>
  <controlfield tag="008">260407s1973####ag###########|||spa#d</controlfield>
  <controlfield tag="003">AR-UNSa-BCEJYS</controlfield>
  <datafield tag="040" ind1=" " ind2=" ">
    <subfield code="a">AR-UNSa-BCEJYS</subfield>
    <subfield code="b">spa</subfield>
    <subfield code="c">AR-UNSa-BCEJYS</subfield>
  </datafield>
  <datafield tag="080" ind1=" " ind2=" ">
    <subfield code="a">314</subfield>
    <subfield code="x">Demograf&#xED;a. Estudios de poblaci&#xF3;n </subfield>
  </datafield>
  <datafield tag="245" ind1="1" ind2="0">
    <subfield code="a">Notas de poblaci&#xF3;n</subfield>
  </datafield>
  <datafield tag="022" ind1=" " ind2=" ">
    <subfield code="a">0303-1829</subfield>
  </datafield>
  <datafield tag="264" ind1=" " ind2="1">
    <subfield code="a">Santiago :</subfield>
    <subfield code="b">CELADE (Centro Latinoamericano de Demograf&#xED;a)</subfield>
    <subfield code="c">1973</subfield>
  </datafield>
  <datafield tag="310" ind1=" " ind2=" ">
    <subfield code="a">Frecuencia: Anual</subfield>
  </datafield>
  <datafield tag="520" ind1=" " ind2=" ">
    <subfield code="a">La revista Notas de Poblaci&#xF3;n es una publicaci&#xF3;n del Centro Latinoamericano y Caribe&#xF1;o de Demograf&#xED;a (CELADE), Divisi&#xF3;n de Poblaci&#xF3;n de la CEPAL, cuyo prop&#xF3;sito principal es la difusi&#xF3;n de investigaciones y estudios de poblaci&#xF3;n sobre Am&#xE9;rica Latina y el Caribe, aun cuando recibe con particular inter&#xE9;s art&#xED;culos de especialistas de fuera de la regi&#xF3;n y, en algunos casos, contribuciones que se refieren a otras regiones del mundo. Se publica dos veces al a&#xF1;o, con una orientaci&#xF3;n interdisciplinaria, por lo que acoge tanto art&#xED;culos sobre demograf&#xED;a as&#xED; como otros que aborden las relaciones entre las tendencias demogr&#xE1;ficas y los fen&#xF3;menos econ&#xF3;micos, sociales y biol&#xF3;gicos. Las opiniones expresadas en esta revista son responsabilidad de los autores y pueden no coincidir con las del Centro Latinoamericano y Caribe&#xF1;o de Demograf&#xED;a (CELADE) &amp;#150; Divisi&#xF3;n de Poblaci&#xF3;n de la CEPAL.</subfield>
  </datafield>
  <datafield tag="041" ind1=" " ind2=" ">
    <subfield code="a">spa</subfield>
  </datafield>
  <datafield tag="942" ind1=" " ind2=" ">
    <subfield code="c">SER</subfield>
  </datafield>
  <datafield tag="590" ind1=" " ind2=" ">
    <subfield code="a">niveau_biblio:s niveau_hierar:1</subfield>
  </datafield>
  <datafield tag="100" ind1="1" ind2=" ">
    <subfield code="a">Centro Latinoamericano y Caribe&#xF1;o de Demograf&#xED;a (CELADE)</subfield>
  </datafield>
  <datafield tag="700" ind1="1" ind2=" ">
    <subfield code="a">Naciones Unidas. Comisi&#xF3;n Econ&#xF3;mica para Am&#xE9;rica Latina y el Caribe (CEPAL)</subfield>
  </datafield>
  <datafield tag="700" ind1="1" ind2=" ">
    <subfield code="a">Mart&#xED;nez Pizarro, Jorge</subfield>
  </datafield>
  <datafield tag="650" ind1=" " ind2=" ">
    <subfield code="a">Poblaci&#xF3;n ind&#xED;gena</subfield>
  </datafield>
  <datafield tag="650" ind1=" " ind2=" ">
    <subfield code="a">Ciencias sociales</subfield>
  </datafield>
  <datafield tag="650" ind1=" " ind2=" ">
    <subfield code="a">Demograf&#xED;a</subfield>
  </datafield>
  <datafield tag="856" ind1="4" ind2="1">
    <subfield code="u">https://biblioeco.unsa.edu.ar/pmb/images/revistas/R20735.jpg</subfield>
    <subfield code="y">Imagen de portada</subfield>
    <subfield code="q">image/jpeg</subfield>
  </datafield>
  <datafield tag="999" ind1=" " ind2=" ">
    <subfield code="c">8890</subfield>
    <subfield code="d">8890</subfield>
  </datafield>
  <datafield tag="952" ind1=" " ind2=" ">
    <subfield code="0">0</subfield>
    <subfield code="1">0</subfield>
    <subfield code="4">0</subfield>
    <subfield code="7">0</subfield>
    <subfield code="a">BCEJYS</subfield>
    <subfield code="b">BCEJYS</subfield>
    <subfield code="c">17</subfield>
    <subfield code="d">2018-07-01</subfield>
    <subfield code="h">A&#xF1;o XLV, N&#xBA; 107 - jul./dic. 2018</subfield>
    <subfield code="l">0</subfield>
    <subfield code="o">H314 NDP 107</subfield>
    <subfield code="p">R22136</subfield>
    <subfield code="r">2026-04-10 16:10:03</subfield>
    <subfield code="w">2026-04-10</subfield>
    <subfield code="y">RN</subfield>
  </datafield>
  <datafield tag="952" ind1=" " ind2=" ">
    <subfield code="0">0</subfield>
    <subfield code="1">0</subfield>
    <subfield code="4">0</subfield>
    <subfield code="7">0</subfield>
    <subfield code="a">BCEJYS</subfield>
    <subfield code="b">BCEJYS</subfield>
    <subfield code="c">17</subfield>
    <subfield code="d">2017-07-01</subfield>
    <subfield code="h">A&#xF1;o XLIV, N&#xBA; 105 - jul./dic. 2017</subfield>
    <subfield code="l">0</subfield>
    <subfield code="o">H314 NDP 105</subfield>
    <subfield code="p">R21710</subfield>
    <subfield code="r">2026-04-10 16:10:03</subfield>
    <subfield code="w">2026-04-10</subfield>
    <subfield code="y">RN</subfield>
  </datafield>
  <datafield tag="952" ind1=" " ind2=" ">
    <subfield code="0">0</subfield>
    <subfield code="1">0</subfield>
    <subfield code="4">0</subfield>
    <subfield code="7">0</subfield>
    <subfield code="a">BCEJYS</subfield>
    <subfield code="b">BCEJYS</subfield>
    <subfield code="c">17</subfield>
    <subfield code="d">2016-07-01</subfield>
    <subfield code="h">A&#xF1;o XLIII, N&#xBA; 103 - jul./dic. 2016</subfield>
    <subfield code="l">0</subfield>
    <subfield code="o">H314 NDP 103</subfield>
    <subfield code="p">R20735</subfield>
    <subfield code="r">2026-04-10 16:10:03</subfield>
    <subfield code="w">2026-04-10</subfield>
    <subfield code="y">RN</subfield>
  </datafield>
  <datafield tag="952" ind1=" " ind2=" ">
    <subfield code="0">0</subfield>
    <subfield code="1">0</subfield>
    <subfield code="4">0</subfield>
    <subfield code="7">0</subfield>
    <subfield code="a">BCEJYS</subfield>
    <subfield code="b">BCEJYS</subfield>
    <subfield code="c">17</subfield>
    <subfield code="d">2010-01-01</subfield>
    <subfield code="h">A&#xF1;o XXXVII, N&#xBA; 90 - ene./jun. 2010</subfield>
    <subfield code="l">0</subfield>
    <subfield code="o">H314 NDP 90</subfield>
    <subfield code="p">R21644</subfield>
    <subfield code="r">2026-04-10 16:10:03</subfield>
    <subfield code="w">2026-04-10</subfield>
    <subfield code="y">RN</subfield>
  </datafield>
  <datafield tag="952" ind1=" " ind2=" ">
    <subfield code="0">0</subfield>
    <subfield code="1">0</subfield>
    <subfield code="4">0</subfield>
    <subfield code="7">0</subfield>
    <subfield code="a">BCEJYS</subfield>
    <subfield code="b">BCEJYS</subfield>
    <subfield code="c">17</subfield>
    <subfield code="d">2009-07-01</subfield>
    <subfield code="h">A&#xF1;o XXXVI, N&#xBA; 89 - jul./dic. 2009</subfield>
    <subfield code="l">0</subfield>
    <subfield code="o">H314 NDP 89</subfield>
    <subfield code="p">R21643</subfield>
    <subfield code="r">2026-04-10 16:10:03</subfield>
    <subfield code="w">2026-04-10</subfield>
    <subfield code="y">RN</subfield>
  </datafield>
</record>
